[Event "Reykjavik Chess Congress 2020"]
[Site "Reykjavik"]
[Date "2020.01.29"]
[Round "8.2"]
[White "Kjartansson, Gudmundur"]
[Black "Halldorsson, Bragi"]
[Result "1-0"]
[WhiteElo "2453"]
[BlackElo "2089"]
[Annotator "TA"]
[PlyCount "69"]
[EventDate "2020.01.05"]
[EventType "swiss"]
[EventCountry "ISL"]
[SourceTitle "playchess.com"]
[Source "ChessBase"]
[SourceQuality "1"]

{[%evp 13,69,3,13,20,3,12,16,13,27,27,29,33,35,0,0,-10,12,-13,9,-38,0,0,0,0,7,4,8,8,11,10,27,27,27,21,23,26,23,12,85,86,88,94,89,86,194,195,185,157,197,200,237,217,213,242,446,413,469,468]} 1. Nf3 d5 2. c4 c6 3. g3 Nf6 4. Bg2 Bf5 5. O-O e6 6. cxd5 exd5 7. d3 Be7 8. Qb3 {A11: English Opening: 1...c6} (8. Qc2 O-O 9. Nc3 Na6 10. a3 d4 11. Nb1 c5 12. Bg5 h6 13. Bxf6 Bxf6 14. Nbd2 Rc8 15. Rfe1 Qd7 {½-½ (68) Duda,J (2717)-Naiditsch,A (2705) Riadh 2017}) 8... Qb6 9. Qc2 O-O 10. Nc3 {The position is equal.} h6 11. e4 dxe4 12. dxe4 Bh7 13. Qe2 Qa6 14. Re1 Bb4 {[#]} 15. Nd2 $146 ({Predecessor:} 15. e5 Bd3 {1-0 (45) Zontakh,A (2526)-Zhurikhin,A (2383) Voronezh 2016}) 15... Re8 16. f3 Qxe2 (16... Nd5 $5) 17. Rxe2 Nbd7 18. Nb3 Nc5 19. Be3 Nxb3 20. axb3 a5 21. Rd1 Red8 22. Red2 $36 {[%mdl 2048] White fights for an advantage.} Rxd2 23. Rxd2 g5 24. h3 Bg6 25. Kf2 Be7 {[#]} (25... Nh7 $11) 26. e5 $1 $16 {[%cal Re5f6]} Nd5 27. Nxd5 cxd5 28. Rxd5 Bc2 (28... Rc8 $16) 29. Rd7 $18 Bb4 30. Rxb7 Bxb3 {intending ...Rc8.} 31. f4 Rc8 {[#] ...Rc2+ is the strong threat.} 32. Be4 ({Not} 32. fxg5 Rc2+ 33. Kf1 Bc4+ 34. Kg1 Rxg2+ 35. Kxg2 Bd5+ {[%mdl 64] Double Attack} 36. Kf2 Bxb7 $17) 32... gxf4 33. gxf4 Bc2 $2 (33... Rd8 34. Kf3 Bd1+ 35. Kg3 Bb3) 34. Bd5 Rf8 35. e6 {Accuracy: White = 72%, Black = 44%.} 1-0

[Event "Reykjavik Chess Congress 2020"]
[Site "Reykjavik"]
[Date "2020.01.29"]
[Round "8.3"]
[White "Mai, Alexander Oliver"]
[Black "Hardarson, Petur Palmi"]
[Result "*"]
[WhiteElo "1958"]
[BlackElo "2027"]
[Annotator "NA RC"]
[PlyCount "59"]
[EventDate "2020.01.05"]
[EventType "swiss"]
[EventCountry "ISL"]
[SourceTitle "playchess.com"]
[Source "ChessBase"]
[SourceQuality "1"]
[TimeControl "40/5400+30:900+30"]

1. d4 {[%emt 0:00:06]} Nf6 {[%emt 0:03:47]} 2. c4 {[%emt 0:00:00]} g6 {[%emt 0:00:14]} 3. Nc3 {[%emt 0:00:00]} Bg7 {[%emt 0:00:08]} 4. e4 {[%emt 0:00:00]} d6 {[%emt 0:00:10]} 5. Nf3 {[%emt 0:00:00]} O-O {[%emt 0:00:19]} 6. Be2 {[%emt 0:00:00]} e5 {[%emt 0:01:16]} 7. dxe5 {[%emt 0:00:24]} dxe5 {[%emt 0:00:15]} 8. Qxd8 {[%emt 0:00:06]} Rxd8 {[%emt 0:00:12]} 9. Bg5 {[%emt 0:00:06]} Re8 {[%emt 0:02:18]} 10. Nd5 {[%emt 0:00:13]} Nxd5 {[%emt 0:00:36]} 11. cxd5 {[%emt 0:00:06]} c6 {[%emt 0:01:15]} 12. Bc4 {[%emt 0:00:39]} cxd5 {[%emt 0:01:03]} 13. Bxd5 {[%emt 0:00:06]} Nd7 {[%emt 0:01:21]} 14. Nd2 {[%emt 0:04:11]} Nb6 {[%emt 0:02:37]} 15. Bb3 $1 {[%emt 0:00:15] E92: King's Indian: Classical: 6 Be2 e5: 7 dxe5, 7 Be3 and Petrosian System without 7...Nbd7} Be6 {[%emt 0:02:09]} 16. Ke2 {[%emt 0:03:31]} (16. O-O-O f6 17. Bxe6+ Rxe6 18. Be3 Bf8 19. Kb1 Rc8 {½-½ (19) Erigaisi,A (2517)-Amin,B (2684) Abu Dhabi 2018}) 16... Bxb3 {[%emt 0:06:45]} 17. axb3 {[%emt 0:01:46]} a6 {[%emt 0:01:26]} 18. Rhc1 {[%emt 0:06:00]} Rac8 {[%emt 0:01:54]} 19. Be3 $146 {[%emt 0:02:04]} ({Predecessor:} 19. Nc4 Nxc4 20. bxc4 f6 21. Be3 Rc6 22. c5 Rec8 {½-½ (43) Evans,A-Clarke,D England 1988}) 19... Nd7 {[%emt 0:01:11]} 20. Nc4 {[%emt 0:02:48]} Bf8 {[%emt 0:04:53]} 21. Na5 {[%emt 0:20:38]} b6 {[%emt 0:12:48]} 22. Nc4 {[%emt 0:09:22]} b5 {[%emt 0:01:40]} 23. Nb6 {[%emt 0:01:21]} Nxb6 {[%emt 0:01:22]} 24. Bxb6 {[%emt 0:00:13]} Rxc1 {[%emt 0:05:49]} 25. Rxc1 {[%emt 0:00:08]} Re6 {[%emt 0:00:39]} 26. Be3 {[%emt 0:02:45]} Kg7 {[%emt 0:02:16]} 27. Rc8 {[%emt 0:01:47]} Bb4 {[%emt 0:03:26]} 28. Bc5 {[%emt 0:01:23]} Bxc5 {[%emt 0:01:47]} 29. Rxc5 {[%emt 0:00:02]} Kf6 {[%emt 0:02:45]} 30. f3 $11 {[%emt 0:02:38]} *

[Event "Reykjavik Chess Congress 2020"]
[Site "Reykjavik"]
[Date "2020.01.29"]
[Round "8.4"]
[White "Stefansson, Vignir Vatnar"]
[Black "Bjornsson, Eirikur K."]
[Result "1-0"]
[WhiteElo "2323"]
[BlackElo "1954"]
[Annotator "TA"]
[PlyCount "64"]
[EventDate "2020.01.05"]
[EventType "swiss"]
[EventCountry "ISL"]
[SourceTitle "playchess.com"]
[Source "ChessBase"]
[SourceQuality "1"]

{[%evp 10,64,-29,-29,-33,-32,-10,-17,-1,-28,-27,-42,-39,-46,74,56,60,-39,0,-18,13,10,8,-1,37,39,77,56,75,68,68,42,51,37,96,111,181,162,163,161,179,143,208,234,258,168,277,256,268,258,254,261,443,435,444,433,495]} 1. Nc3 d5 2. e4 d4 3. Nce2 e5 4. Ng3 Be6 5. Nf3 f6 6. Bb5+ c6 {A00: Irregular Openings} 7. Be2 Bd6 (7... Ne7 8. O-O Qd7 9. b3 c5 10. Bc4 Nbc6 11. Bxe6 Qxe6 12. Ne1 O-O-O 13. Nd3 Ng6 14. Nh5 {0-1 (74) Vandermeulen,B (2570)-Stephan,J (2555) ICCF email 2010}) 8. O-O Qd7 {The position is equal.} 9. d3 c5 10. Nh4 $146 ({Predecessor:} 10. Nf5 Bf8 11. c3 Ne7 12. cxd4 cxd4 13. N3h4 g6 14. Nxe7 Bxe7 {½-½ (41) Kriksciunas,B (2190)-Vyzharov,I (2122) LSS email 2010}) 10... Nc6 11. Nhf5 O-O-O (11... Bf8 $15 {stays ahead.}) 12. Nxd6+ $16 Qxd6 13. Nf5 ({White should try} 13. c4 $14) 13... Qd7 (13... Bxf5 $5 14. exf5 Nge7 $15) 14. f4 Kb8 15. fxe5 Nxe5 16. Qe1 g6 17. Nh6 $36 {[%mdl 2048] White has some pressure.} Nxh6 18. Bxh6 Qe7 19. Qf2 Nd7 $1 20. Qg3+ Ka8 $1 21. Bf4 g5 ({Better is} 21... Rc8 $14) 22. Bd6 Qf7 {[#]} (22... Qg7 $16) 23. e5 $1 $18 f5 24. Qxg5 Rhg8 25. Qf4 Rc8 (25... Nf8 $16 26. Rf2 (26. Bxc5 Bd5 $15) 26... Qg7) 26. Bf3 Nb6 27. g3 c4 (27... Nd5 {was called for.} 28. Bxd5 {[%mdl 64] Overworked Piece} Bxd5 29. Qxf5 Qxf5 30. Rxf5 c4) 28. Qxd4 {Hoping for a4.} cxd3 29. cxd3 f4 30. Bg2 Rc2 $2 {[#]} (30... Nd5 {might work better.} 31. Bxd5 Bxd5 32. Rxf4 Rg4) 31. Rxf4 Qd7 32. a4 Rgc8 {Accuracy: White = 52%, Black = 34%.} 1-0

[Event "Reykjavik Chess Congress 2020"]
[Site "Reykjavik"]
[Date "2020.01.29"]
[Round "8.5"]
[White "Fridjonsson, Julius"]
[Black "Olafsson, Thorvardur"]
[Result "*"]
[WhiteElo "2117"]
[BlackElo "2188"]
[Annotator "TA"]
[PlyCount "22"]
[EventDate "2020.01.05"]
[EventType "swiss"]
[EventCountry "ISL"]
[SourceTitle "playchess.com"]
[Source "ChessBase"]
[SourceQuality "1"]

{[%evp 10,22,-31,-25,26,0,50,-88,-79,-134,-79,-603,-282,-320,-314]} 1. e4 e6 2. d4 d5 3. e5 c5 4. c3 Nc6 5. Be3 Qb6 6. Qd2 Nge7 {C02: French: Advance Variation} (6... f6 $142) (6... Nh6 7. Nf3 Ng4 8. Bf4 cxd4 9. cxd4 f6 10. h3 fxe5 11. hxg4 exf4 12. Nc3 Bd7 13. Bd3 O-O-O 14. Rc1 Be7 {0-1 (45) Cherniaev,A (2447)-Cornette,M (2578) Geneve 2013}) 7. Nf3 Nf5 8. Bf4 (8. dxc5 $1 $14 {stays ahead.} Bxc5 9. Bxc5 Qxc5 10. Bd3) 8... cxd4 $17 9. cxd4 (9. Bd3 $142) 9... Ncxd4 $146 (9... Nfxd4 $142 10. Nxd4 Qxd4 11. Qxd4 Nxd4) ({Predecessor:} 9... Nfxd4 10. Nxd4 Nxd4 11. Nc3 Nc6 12. a3 a6 13. Bd3 Be7 14. O-O O-O {1-0 (61) Stubberud,O-Angleby,A Norway 2001}) 10. Be3 $2 {[%mdl 8192] [#]} (10. Nxd4 $17 Nxd4 11. Nc3) 10... Nxe3 (10... Nxf3+ $142 11. gxf3 d4) 11. fxe3 Nxf3+ {Accuracy: White =  0%, Black =  8%.} *

[Event "Reykjavik Chess Congress 2020"]
[Site "Reykjavik"]
[Date "2020.01.29"]
[Round "8.6"]
[White "Heidarsson, Arnar"]
[Black "Briem, Benedikt"]
[Result "1/2-1/2"]
[WhiteElo "1880"]
[BlackElo "1841"]
[Annotator "NA RC"]
[PlyCount "94"]
[EventDate "2020.01.05"]
[EventType "swiss"]
[EventCountry "ISL"]
[SourceTitle "playchess.com"]
[Source "ChessBase"]
[SourceQuality "1"]
[TimeControl "40/5400+30:900+30"]

1. d4 {[%emt 0:00:00]} Nf6 {[%emt 0:00:00]} 2. c4 {[%emt 0:00:00]} g6 {[%emt 0:00:11]} 3. Nc3 {[%emt 0:00:18]} d5 {[%emt 0:00:06]} 4. cxd5 {[%emt 0:00:48]} Nxd5 {[%emt 0:00:07]} 5. e4 {[%emt 0:00:09]} Nxc3 {[%emt 0:00:04]} 6. bxc3 {[%emt 0:00:09]} Bg7 {[%emt 0:00:29]} 7. Be3 {[%emt 0:00:23]} O-O {[%emt 0:00:31]} 8. Bc4 {[%emt 0:00:18]} c5 {[%emt 0:00:14]} 9. Ne2 {[%emt 0:00:08]} cxd4 {[%emt 0:00:37]} 10. cxd4 {[%emt 0:00:58]} Qa5+ {[%emt 0:00:11]} 11. Qd2 {[%emt 0:03:03]} Nc6 {[%emt 0:00:50] D87: Exchange Grünfeld: Classical Line: Variations without ...cxd4} 12. Qxa5 {[%emt 0:02:05]} (12. Rd1 Bd7 13. O-O Qxd2 14. Rxd2 Rac8 15. Rb1 Na5 16. Bd3 b6 17. Rb4 e6 18. Bb5 Bxb5 19. Rxb5 Nc4 20. Rd3 Nd6 21. Rb2 Nxe4 {0-1 (37) Lagarde,M (2604)-Vachier Lagrave,M (2780) chess.com INT 2019}) 12... Nxa5 {[%emt 0:00:10]} 13. Bd3 {[%emt 0:02:17]} b6 {[%emt 0:00:58]} 14. O-O {[%emt 0:00:58]} Bb7 {[%emt 0:00:39]} 15. Rac1 {[%emt 0:01:09]} Rac8 $146 {[%emt 0:00:15]} ({Predecessor:} 15... Rfc8 16. d5 Rxc1 17. Rxc1 Rc8 18. f3 {½-½ (40) Adamek,Z (2125)-Hlavac,R (2153) Czechia 1999}) 16. f3 {[%emt 0:03:49]} Rfd8 {[%emt 0:01:12]} 17. Rxc8 {[%emt 0:03:32]} Rxc8 {[%emt 0:01:27]} 18. Rc1 {[%emt 0:00:17]} Rxc1+ {[%emt 0:00:40]} 19. Bxc1 $11 {[%emt 0:01:15]} Nc6 {[%emt 0:02:03]} 20. Bb2 {[%emt 0:02:10]} Nb4 {[%emt 0:04:07]} 21. Bc4 {[%emt 0:03:39]} Ba6 {[%emt 0:05:18]} 22. Bxa6 {[%emt 0:00:07]} Nxa6 {[%emt 0:00:04]} 23. Bc3 {[%emt 0:02:12]} e6 {[%emt 0:03:20]} 24. Kf2 {[%emt 0:00:13]} Kf8 {[%emt 0:00:39]} 25. Ke3 {[%emt 0:00:10]} Ke7 {[%emt 0:02:06]} 26. Kd3 {[%emt 0:00:42]} Kd6 {[%emt 0:03:16]} 27. Kc4 {[%emt 0:01:30]} Nc7 {[%emt 0:03:52]} 28. a4 {[%emt 0:02:23]} a6 {[%emt 0:02:59]} 29. Bb4+ {[%emt 0:01:54]} Kc6 {[%emt 0:00:58]} 30. g4 {[%emt 0:01:46]} b5+ {[%emt 0:01:50]} 31. axb5+ {[%emt 0:00:36]} axb5+ {[%emt 0:00:09]} 32. Kc3 {[%emt 0:01:37]} Na6 {[%emt 0:01:51]} 33. Be7 {[%emt 0:03:12]} f5 {[%emt 0:08:06]} 34. gxf5 {[%emt 0:02:01]} gxf5 {[%emt 0:00:38]} 35. Ng3 {[%emt 0:03:29]} fxe4 {[%emt 0:06:55]} 36. fxe4 {[%emt 0:00:59]} b4+ {[%emt 0:01:11]} 37. Bxb4 {[%emt 0:08:50]} Nxb4 {[%emt 0:00:10]} 38. Kxb4 {[%emt 0:00:07]} Bxd4 {[%emt 0:00:23]} 39. Kc4 {[%emt 0:00:14]} Be5 {[%emt 0:00:37]} 40. Nf5 {[%emt 0:00:00]} exf5 {[%emt 0:00:00]} 41. exf5 {[%emt 0:02:44]} h5 {[%emt 0:02:00]} 42. h3 {[%emt 0:00:18]} Bf6 {[%emt 0:00:44]} 43. Kd3 {[%emt 0:00:06]} Kd5 {[%emt 0:00:08]} 44. Ke3 {[%emt 0:00:05]} Ke5 {[%emt 0:00:08]} 45. Kf3 {[%emt 0:00:04]} Bh4 {[%emt 0:00:06]} 46. Kg2 {[%emt 0:00:05]} Bf6 {[%emt 0:00:17]} 47. Kh1 {[%emt 0:00:04]} Kxf5 {[%emt 0:00:44]} 1/2-1/2

[Event "Reykjavik Chess Congress 2020"]
[Site "Reykjavik"]
[Date "2020.02.02"]
[Round "9.1"]
[White "Bjornsson, Sigurbjorn"]
[Black "Jonsson, Gauti Pall"]
[Result "1-0"]
[WhiteElo "2331"]
[BlackElo "2027"]
[Annotator "TA"]
[PlyCount "85"]
[EventDate "2020.01.05"]
[EventType "swiss"]
[EventCountry "ISL"]
[SourceTitle "playchess.com"]
[Source "ChessBase"]
[SourceQuality "1"]

{[%evp 24,85,53,38,53,58,60,61,92,76,83,75,63,74,64,63,273,259,258,231,256,222,210,215,270,232,234,238,284,284,284,282,285,284,284,284,284,284,284,284,284,284,284,284,399,284,284,284,411,284,407,284,320,317,451,333,527,522,2318,1934,1782,1782,679,679]} 1. e4 c5 2. Nf3 e6 3. d4 cxd4 4. Nxd4 Nc6 5. Nc3 Qc7 6. g3 a6 7. Bg2 Nf6 8. O-O Nxd4 9. Qxd4 Bc5 10. Bf4 d6 11. Qd2 h6 12. Rad1 e5 13. Be3 Bb4 {B47: Sicilian: Taimanov: 5 Nc3 Qc7 6 f4, 6 g3 and 6 Be2} 14. Nb5 axb5 15. Qxb4 O-O {White is slightly better.} 16. a3 {[#]} Be6 $146 ({Predecessor:} 16... Qxc2 17. Rxd6 Qa4 18. Bc5 Qxb4 19. Bxb4 Re8 20. Rb6 Ra6 21. Rxb5 Bd7 22. Rxb7 Bc6 23. Re7 Rxe7 24. Bxe7 Nxe4 25. Rc1 f5 26. Bf1 Ra7 27. Rxc6 Rxe7 28. Bd3 {1-0 (28) Hase,J (2343)-Herrera,C (1523) Mendoza 2002}) 17. Qxd6 Qxc2 18. Rd2 Qb3 19. h3 Bxh3 $2 {[#]} (19... Rfe8 $14) 20. Bxh3 $18 {Threatens to win with Bf5.} Nxe4 21. Qxe5 Rfe8 22. Qd5 Nxd2 23. Qxd2 Red8 24. Qe2 b4 25. Qb5 Qxb2 26. axb4 Qa3 27. Bg2 ({But not} 27. Qxb7 $6 Rab8 $16) 27... Qd3 28. Qxd3 Rxd3 29. Bxb7 Rb8 30. Be4 Rb3 31. Bc5 R3xb4 32. Bxb4 Rxb4 {[%mdl 4096] Endgame KRB-KR} 33. f3 Rd4 (33... g6 {was worth a try.} 34. g4 Kg7) 34. Rb1 {[#] White wants to mate with Rb8+.} g6 35. Kf2 Kg7 (35... h5 {keeps fighting.} 36. Rb6 Kg7) 36. Ke3 Rd8 (36... Ra4 $142 37. Rb7 Ra5) 37. Rb5 Rd6 38. g4 Kf8 (38... Ra6 $142 39. Rb7 Rd6) 39. f4 Kg7 (39... Rd1 $142 40. f5 gxf5 41. Rxf5 Ra1) 40. Bd5 {White is clearly winning.} Ra6 41. Rb7 Ra1 42. Rxf7+ Kh8 43. Be4 {Accuracy: White = 70%, Black = 49%.} 1-0

[Event "Reykjavik Chess Congress 2020"]
[Site "Reykjavik"]
[Date "2020.02.02"]
[Round "9.2"]
[White "Fridjonsson, Julius"]
[Black "Kjartansson, Gudmundur"]
[Result "0-1"]
[WhiteElo "2117"]
[BlackElo "2453"]
[Annotator "TA"]
[PlyCount "64"]
[EventDate "2020.01.05"]
[EventType "swiss"]
[EventCountry "ISL"]
[SourceTitle "playchess.com"]
[Source "ChessBase"]
[SourceQuality "1"]

{[%evp 14,64,49,35,49,-14,-12,-88,-82,-135,-139,-134,-139,-128,-133,-136,-122,-133,-129,-141,-135,-150,-138,-146,-138,-173,-73,-161,-99,-98,-98,-111,-79,-118,-89,-194,-190,-212,-217,-241,-238,-289,-284,-281,-260,-307,-313,-330,-319,-321,-326,-407,-387]} 1. c4 Nf6 2. Nc3 g6 3. g3 Bg7 4. Bg2 O-O 5. d4 d6 6. Nf3 Nc6 7. O-O Bf5 8. Ne1 Bd7 {E62: King's Indian: Fianchetto: 6...c6 and Panno Variation (6...Nc6) without ...a6} 9. h3 (9. Nc2 $14) 9... Qc8 $11 10. Kh2 {[#]} (10. g4 $11 {remains equal.}) 10... Nxd4 $1 $17 {[%mdl 512] [#] Black is better.} 11. Nd5 $146 (11. Qxd4 $2 Ng4+ 12. Qxg4 Bxg4 $19) (11. e3 $142 Nc6 12. e4) ({Predecessor:} 11. Qxd4 Ng4+ 12. Qxg4 Bxg4 13. hxg4 Qxg4 14. Bxb7 Bxc3 15. Bf3 Qxc4 16. bxc3 Qxc3 17. Rb1 {0-1 (23) Saydaliev,S (2390)-Fedorov,A (2552) Tashkent 2019}) 11... Nxd5 12. cxd5 c6 13. e3 Nb5 14. a4 Nc7 15. e4 a5 16. Bg5 Re8 ({Don't play} 16... Bxb2 17. Bxe7 Bxa1 18. Qxa1 $15) 17. Nd3 cxd5 18. exd5 b5 19. Re1 Kf8 (19... bxa4 $19 {and Black stays clearly on top.} 20. Rxe7 Rxe7 21. Bxe7 Qa6) 20. Qe2 (20. Qd2 $17) 20... Bf6 (20... bxa4 $19 21. Bxe7+ Kg8) 21. Bxf6 exf6 22. Qd2 bxa4 23. Qf4 Rxe1 24. Rxe1 {[#]} (24. Qxd6+ $17 Kg7 25. Rxe1) 24... Ne8 $1 $19 25. Qe3 Rb8 26. Rc1 Qd8 27. Rd1 Kg7 28. Rd2 Qb6 29. Qxb6 Rxb6 30. Bf3 f5 31. Nc1 Nf6 32. Na2 {[#]} a3 $1 {Accuracy: White = 55%, Black = 81%.} 0-1

[Event "Reykjavik Chess Congress 2020"]
[Site "Reykjavik"]
[Date "2020.02.02"]
[Round "9.3"]
[White "Mai, Alexander Oliver"]
[Black "Stefansson, Vignir Vatnar"]
[Result "1/2-1/2"]
[WhiteElo "1958"]
[BlackElo "2323"]
[Annotator "TA"]
[PlyCount "15"]
[EventDate "2020.01.05"]
[EventType "swiss"]
[EventCountry "ISL"]
[SourceTitle "playchess.com"]
[Source "ChessBase"]
[SourceQuality "1"]

{[%evp 9,15,21,97,71,83,80,90,90]} 1. e4 g6 2. d4 Bg7 3. Nc3 c6 4. h3 d5 5. e5 h5 (5... f6 $11 {keeps the balance.}) 6. Nf3 $16 {White is better. B15: Caro-Kann: 3 Nc3: 3...g6 and 3...dxe4 4 Nxe4 Nf6 5 Nxf6+ exf6} Nh6 7. Be2 Nf5 {[#]} 8. O-O $146 ({Predecessor:} 8. Bf4 e6 9. O-O Nd7 10. Bd3 Bf8 11. Ne2 Be7 12. Qd2 c5 13. dxc5 Nxc5 14. Ned4 Nxd4 15. Nxd4 {½-½ (30) Boros,D (2285)-Bodo,N (2280) Hungary 1995}) 1/2-1/2

[Event "Reykjavik Chess Congress 2020"]
[Site "Reykjavik"]
[Date "2020.02.02"]
[Round "9.4"]
[White "Hardarson, Petur Palmi"]
[Black "Kjartansson, David"]
[Result "1/2-1/2"]
[WhiteElo "2027"]
[BlackElo "2356"]
[Annotator "TA"]
[PlyCount "103"]
[EventDate "2020.01.05"]
[EventType "swiss"]
[EventCountry "ISL"]
[SourceTitle "playchess.com"]
[Source "ChessBase"]
[SourceQuality "1"]

{[%evp 19,103,-7,6,12,15,17,39,3,25,22,22,22,15,17,31,23,23,6,6,0,84,25,14,0,0,0,0,0,6,7,32,0,0,0,0,-6,0,0,-7,-6,0,0,0,0,0,0,0,0,0,0,0,0,0,0,46,0,0,0,0,0,0,0,0,0,0,0,0,0,0,0,0,0,0,0,0,0,0,0,0,0,0,0,0,0,0,0]} 1. d4 Nf6 2. Nf3 e6 3. g3 c5 4. Bg2 Nc6 5. O-O d5 6. c4 dxc4 7. Ne5 Bd7 8. Nxc6 Bxc6 9. Bxc6+ bxc6 10. Qa4 Qb6 11. dxc5 {E04: Open Catalan: 5 Nf3} Bxc5 12. Qxc4 Rd8 13. Nc3 {[#] White is slightly better.} Bd4 $146 (13... Rd4 $5 14. Qb3 $8 O-O $11) ({Predecessor:} 13... Rd4 14. Qb3 O-O 15. Qc2 Rc4 16. b3 Rxc3 17. Qxc3 Bxf2+ 18. Rxf2 Qxf2+ 19. Kxf2 Ne4+ {½-½ (27) Datu,I (2381)-Garma,C (2400) Quezon City 2001}) 14. e3 Bxc3 15. Qxc3 O-O 16. b3 Qb5 17. Ba3 Rd3 18. Qc5 {[%csl Ga3][%cal Rc5f8] [#]} Rfd8 19. Rac1 Ne4 (19... Qa6 $11 {keeps the balance.}) 20. Qxb5 ({Not} 20. Qxa7 R3d7 $17) ({Better is} 20. Qxc6 $16 Qxc6 21. Rxc6) 20... cxb5 $11 21. Be7 Ra8 22. Rfd1 Rxd1+ 23. Rxd1 {[%mdl 4096] Endgame KRB-KRN} Nc3 24. Rd2 f5 25. Bb4 Nd5 26. Bc5 a5 27. a3 Rc8 28. Bd4 Rc1+ 29. Kg2 Kf7 30. h4 h6 31. Kf3 g5 32. hxg5 hxg5 33. g4 Rb1 34. Rb2 Rg1 35. gxf5 exf5 36. Rc2 g4+ 37. Ke2 f4 {The position is equal.} 38. exf4 Nxf4+ 39. Ke3 Ne6 {[#] ...Re1+ is the strong threat.} 40. Bc3 a4 41. bxa4 bxa4 42. Bb4 Kf6 43. Rc6 Rb1 44. Ra6 Rb3+ 45. Ke2 Kf5 46. Rxa4 Nf4+ 47. Kd1 Rb2 48. Bd2 Nd3 49. Ke2 Ne5 50. Kd1 Nd3 51. Ke2 Ne5 52. Kd1 {Accuracy: White = 92%, Black = 94%.} 1/2-1/2

[Event "Reykjavik Chess Congress 2020"]
[Site "Reykjavik"]
[Date "2020.02.02"]
[Round "9.5"]
[White "Petursson, Gudni"]
[Black "Briem, Stephan"]
[Result "1/2-1/2"]
[WhiteElo "2026"]
[BlackElo "2197"]
[Annotator "TA"]
[PlyCount "33"]
[EventDate "2020.01.05"]
[EventType "swiss"]
[EventCountry "ISL"]
[SourceTitle "playchess.com"]
[Source "ChessBase"]
[SourceQuality "1"]

{[%evp 13,33,14,45,3,27,21,27,-8,31,-13,18,-9,0,0,40,12,10,10,16,0,17,25]} 1. d4 Nf6 2. c4 e6 3. Nf3 Bb4+ 4. Nbd2 b6 5. g3 Bb7 6. Bg2 O-O 7. O-O d6 8. Qc2 {E16: Queen's Indian: 4 g3 Bb7 5 Bg2 Bb4+} Nbd7 9. e4 {[#]} e5 $146 ({Predecessor:} 9... Bxd2 10. Nxd2 e5 11. d5 a5 12. b3 Qe7 13. Nf3 Nc5 14. Nh4 Bc8 15. Bd2 Bd7 {0-1 (40) Demirel,T (2310)-Tzoumbas,A (2215) Komotini 1993}) 10. d5 {White has an edge.} a5 {[%cal Ba7a5,Ba5a4][%mdl 32]} 11. Ne1 Nc5 12. Nb3 Nfd7 13. Be3 a4 14. Nxc5 Bxc5 {The position is equal.} 15. Bxc5 Nxc5 16. Nd3 Nxd3 17. Qxd3 {Accuracy: White = 47%, Black = 54%.} 1/2-1/2

[Event "Reykjavik Chess Congress 2020"]
[Site "Reykjavik"]
[Date "2020.02.02"]
[Round "9.6"]
[White "Mai, Aron Thor"]
[Black "Bjarnason, Saevar"]
[Result "*"]
[WhiteElo "2167"]
[BlackElo "2057"]
[Annotator "RC"]
[PlyCount "62"]
[EventDate "2020.01.05"]
[EventType "swiss"]
[EventCountry "ISL"]
[SourceTitle "playchess.com"]
[Source "ChessBase"]
[SourceQuality "1"]
[TimeControl "40/5400+30:900+30"]

1. Nf3 {[%emt 0:00:00]} Nf6 {[%emt 0:00:00]} 2. c4 {[%emt 0:00:00]} g6 {[%emt 0:01:01]} 3. Nc3 {[%emt 0:00:11]} Bg7 {[%emt 0:00:08]} 4. d4 {[%emt 0:00:37]} d6 {[%emt 0:00:35]} 5. e4 {[%emt 0:00:20]} O-O {[%emt 0:00:46]} 6. Be2 {[%emt 0:00:09]} c6 {[%emt 0:01:46]} 7. h3 {[%emt 0:03:34]} a6 {[%emt 0:01:47]} 8. a4 {[%emt 0:01:18]} a5 {[%emt 0:00:27]} 9. Be3 {[%emt 0:00:13]} Na6 {[%emt 0:00:21]} 10. Qd2 {[%emt 0:01:11]} Nb4 {[%emt 0:02:54]} 11. O-O {[%emt 0:00:35]} d5 {[%emt 0:13:45]} 12. cxd5 {[%emt 0:06:10]} cxd5 {[%emt 0:00:45]} 13. e5 {[%emt 0:03:44]} Ne8 {[%emt 0:00:34]} 14. Ne1 {[%emt 0:04:33]} Nc7 {[%emt 0:04:28]} 15. Nd3 {[%emt 0:02:15]} Nca6 {[%emt 0:02:35]} 16. Nf4 {[%emt 0:00:54]} Nc7 {[%emt 0:03:43]} 17. Bf3 {[%emt 0:01:12]} b6 {[%emt 0:08:15]} 18. h4 {[%emt 0:04:33]} Ba6 {[%emt 0:10:23]} 19. Rfc1 {[%emt 0:01:08]} e6 {[%emt 0:00:59]} 20. g3 {[%emt 0:00:08]} Rc8 {[%emt 0:01:18]} 21. Kg2 {[%emt 0:00:17]} f6 {[%emt 0:04:29]} 22. exf6 {[%emt 0:00:43]} Qxf6 {[%emt 0:00:21]} 23. Bg4 {[%emt 0:03:35]} Rce8 {[%emt 0:04:46]} 24. Nce2 {[%emt 0:02:09]} Qd8 {[%emt 0:02:56]} 25. Rc3 {[%emt 0:06:11]} Qd6 {[%emt 0:04:19]} 26. b3 {[%emt 0:00:44]} Re7 {[%emt 0:03:51]} 27. Rxc7 {[%emt 0:01:46]} Rxc7 {[%emt 0:01:01]} 28. Rc1 {[%emt 0:04:26]} Rxc1 {[%emt 0:04:01]} 29. Bxe6+ {[%emt 0:01:06]} Kh8 {[%emt 0:00:10]} 30. Nxc1 {[%emt 0:00:23]} Rxf4 {[%emt 0:00:30]} 31. Bxf4 {[%emt 0:01:40]} Qxe6 {[%emt 0:00:06]} *